Экология транспорта: учебник

Bibliographische Detailangaben
1. Verfasser: Павлова Е. И. Елена Ивановна
Zusammenfassung:В учебнике изложены общие вопросы экологии и специфические аспекты экологии транспорта, большое внимание уделено глобальным экологическим проблемам и усилиям государств мира по их решению, освещена экологическая ситуация в России, рассмотрен опыт стимулирования природоохранной деятельности. Основной акцент сделан на влияние транспортно-дорожного комплекса на окружающую среду и управление экологической деятельностью. Подробно рассмотрены мероприятия по повышению экологичности транспортных средств. Для студентов вузов транспортного профиля. Учебник может быть полезен научным и практическим работникам транспортной отрасли.
Sprache:Russisch
Veröffentlicht: Москва, Высшая школа, 2006
Schriftenreihe:Охрана окружающей среды
Schlagworte:
Format: Buch
KOHA link:https://koha.lib.tpu.ru/cgi-bin/koha/opac-detail.pl?biblionumber=99822

MARC

LEADER 00000nam0a2200000 4500
001 99822
005 20231031111937.0
010 |a 5060054977 
035 |a (RuTPU)RU\TPU\book\107229 
090 |a 99822 
100 |a 20060713d2006 m y0rusy50 ca 
101 0 |a rus 
102 |a RU 
105 |a a j 001zy 
200 1 |a Экология транспорта  |e учебник  |f Е. И. Павлова 
210 |a Москва  |c Высшая школа  |d 2006 
215 |a 344 с.  |c ил. 
225 1 |a Охрана окружающей среды 
320 |a Библиогр.: с. 340-341. 
330 |a В учебнике изложены общие вопросы экологии и специфические аспекты экологии транспорта, большое внимание уделено глобальным экологическим проблемам и усилиям государств мира по их решению, освещена экологическая ситуация в России, рассмотрен опыт стимулирования природоохранной деятельности. Основной акцент сделан на влияние транспортно-дорожного комплекса на окружающую среду и управление экологической деятельностью. Подробно рассмотрены мероприятия по повышению экологичности транспортных средств. Для студентов вузов транспортного профиля. Учебник может быть полезен научным и практическим работникам транспортной отрасли. 
451 1 |0 (RuTPU)RU\TPU\book\191094  |y 978-5-06-006198-7  |t Экология транспорта  |o учебник  |f Е. И. Павлова  |c М.  |n Высшая школа  |d 2010  |p 367 с.  |s Охрана окружающей среды  |a Павлова, Елена Ивановна 
610 1 |a транспорт 
610 1 |a экология 
610 1 |a природные ресурсы 
610 1 |a использование 
610 1 |a экологические проблемы 
610 1 |a Россия 
610 1 |a экологическая деятельность 
610 1 |a автомобильный транспорт 
610 1 |a железнодорожный транспорт 
610 1 |a водный транспорт 
610 1 |a воздушный транспорт 
610 1 |a трубопроводный транспорт 
610 1 |a экологическое совершенствование 
610 1 |a экологические риски 
610 1 |a учебники 
675 |a 504.05(075.8)  |v 3 
675 |a 625(075.8)  |v 3 
700 1 |a Павлова  |b Е. И.  |g Елена Ивановна 
801 1 |a RU  |b 63413507  |c 20060713  |g PSBO 
801 2 |a RU  |b 63413507  |c 20120209  |g PSBO 
900 |a Экология 
942 |c BK 
952 |b 080502  |a 551400  |b 080507 
959 |a 68/20060712  |d 1  |e 0  |f ЧЗТЛ:1